Faces of the state : secularism and public life in Turkey
Saved in:
| Main Author: | |
|---|---|
| Format: | Book |
| Language: | English |
| Published: |
Princeton, N.J. :
Princeton University Press,
c2002
|
| Subjects: | |
| Tags: |
Add Tag
No Tags, Be the first to tag this record!
|
MARC
| LEADER | 00000nam a2200000 i 4500 | ||
|---|---|---|---|
| 001 | 1/78554 | ||
| 008 | 080324s2002 eng d | ||
| 020 | |a 0-691-08845-4 | ||
| 035 | |l 10095756 | ||
| 040 | |a GR-MY-UA |b gre |e aacr | ||
| 041 | 0 | |a eng | |
| 082 | 0 | |a 306.09561 |2 (22) | |
| 100 | 1 | |a Navaro-Yashin, Yael |d 1969- | |
| 245 | 1 | 0 | |a Faces of the state : |b secularism and public life in Turkey / |c Yael Navaro-Yashin |
| 260 | |a Princeton, N.J. : |b Princeton University Press, |c c2002 | ||
| 300 | |a xii, 247 σ.; |b εικ.; |c 24 εκ. | ||
| 504 | |a Περιέχει βιβλιογραφικές παραπομπές (σ. [231]-240) και ευρετήριο | ||
| 650 | 0 | 0 | |a Anthropology |z Turkey. |
| 650 | 0 | 0 | |a Political culture |z Turkey. |
| 650 | 0 | 0 | |a Islam and secularism |z Turkey. |
| 852 | |a INST |b LESVOS |e 20080324 |h 306.09561 NAV |p 005100038722 |q 005100038722 |t BK |y 0 | ||
| 901 | |a BIBL1-2008-1 | ||
| 909 | |a Λ |b 143089 | ||
| 922 | |a 1ΕΛΗ |b 200712 |c ΕΠΕΑΕΚ2/ΤΚΑ |d ΠΑΠΑΣΩΤΗΡΙΟΥ | ||
| 970 | |a ΓΙΑΛΑΜΑ |b ΜΑΡΙΑ |z 2008/03/24 | ||